Statistiques concernant Pays ayant participé à la Coupe du Monde de Football 1934

Cliquez ici pour prendre le quiz!

Statistiques générales

  • Ce quiz a été pris 63 fois
    (52 depuis la dernière actualisation)
  • Le résultat moyen est 13 sur 16

Statistiques - réponses

Continents Pays % Correct
EuropeFrance
100%
EuropeEspagne
100%
Europe (organisateur, vainqueur)Italie
95%
EuropeAllemagne
95%
Amérique du sudBrésil
95%
Amérique du sudArgentine
93%
EuropeSuède
89%
EuropeSuisse
80%
Amérique du nord et centraleEtats-unis
80%
EuropeAutriche
80%
EuropeHongrie
75%
AfriqueEgypte
75%
EuropeBelgique
75%
EuropePays-bas
70%
EuropeTchécoslovaquie
66%
EuropeRoumanie
64%

Distribution des résultats

Percentile by Number Answered

% des personnes avec chaque résultat

Votre développement - résultats

Vous n’avez pas pris ce quiz depuis la dernière actualisation